Quiz Football : Devine les joueurs - Partie difficile 7 - Statistiques

Statistiques générales
  • Ce quiz a été pris 154 fois
  • Le résultat moyen est 7 sur 16
Statistiques - réponses
Par images Réponse % Correct
Michaël Cuisance
77%
Juanfran
76%
Gary Medel
74%
Michael Carrick
73%
Burak Yilmaz
64%
Maicon
57%
Georges-Kévin Nkoudou
51%
Bernard
46%
Jonathan Biabiany
35%
Steed Malbranque
28%
Maarten Stekelenburg
27%
Christian Atsu
26%
Renato Civelli
19%
Jeroen Zoet
8%
Grafite
7%
Vitinho
5%
Aucun quiz correspondant
Distribution des résultats
% des personnes avec chaque résultat
Percentile par nombre de réponses
Votre historique - résultats
Vous n’avez pas pris ce quiz